000 00652nam a2200229 a 4500
005 20240611063642.0
008 991125s1996 mx 000 0 spa u
020 _a968165045X
035 _aUPN01000012588
049 _aF
050 4 _aPQ6325 A1
_bC8
100 1 _aCervantes Saavedra, Miguel de,
_d1547-1616
245 1 0 _aCuatro entremeses /
_cMiguel de Cervantes Saavedra
260 _aMéxico :
_bFCE,
_c1996
300 _a79 p.
440 0 _aFondo 2000
500 _a"Tomado de: Entremeses"
650 4 _aENTREMESES
_921482
650 4 _aLiteratura española (Selecciones, Extractos, etc.)
_913828
904 _aAC
_b012589
905 _aLibro
999 _c12588
_d12588